000 00326nam a22001217a 4500
008 190313b xxu||||| |||| 00| 0 eng d
041 _aeng
080 _a043.3
100 _a0
101 _aSHP-BA
245 _aRoli i Diplomacisë Politike në Politikën e jashtme të Shtetit-Rasti i Kosovës
_cReshani,Sh
942 _2udc
_cBK
999 _c54744
_d54744